ბათუმის შოთა რუსთაველის სახელმწიფო უნივერსიტეტის ბიბლიოთეკა

ტურისტული საქმიანობის სახელმწიფო მარეგულირებელი მექანიზმებისა და რეგიონული ტურიზმის განვითარების სრულყოფის საკითხები / (ბიბ.ჩანაწერი № 51638)

000 -ლიდერი
ფიქსირებული სიგრძის საკონტროლო ველი 01820nam a2200265Ia 4500
001 - საკონტროლო ნომერი
საკონტროლო ველი 18629
003 - საკონტროლო ნომრის იდენტიფიკატორი
საკონტროლო ველი GE_BSU
005 - ბოლო ოპერაციის თარიღი და დრო
საკონტროლო ველი 20210406135017.0
008 - ფიქსირებული სიგრძის მონაცემთა ელემენტები - ზოგადი ინფორმაცია
ფიქსირებული სიგრძის საკონტროლო ველი 181216s2016||||ge |||||||||||||| ||geo||
040 ## - კატალოგიზაციის წყარო
Transcribing agency GE_BSU
041 ## - ენის კოდი
Language code of text/sound track or separate title geo
080 ## - უნივერსალური ათობითი კლასიფიკაციის ინდექსი
Universal Decimal Classification number 33 ბ-52
100 ## - მთავარი ჩანაწერი - პიროვნების სახელი
Personal name ბერიძე, თამარ
9 (RLIN) 9312
245 ## - ცნობა სათაურის შესახებ
Title ტურისტული საქმიანობის სახელმწიფო მარეგულირებელი მექანიზმებისა და რეგიონული ტურიზმის განვითარების სრულყოფის საკითხები /
Statement of responsibility, etc თამარ ბერიძე; სამეცნიერო ხელმძღვანელი როსტომ ბერიძე; ბსუ.
264 ## - წარმოების, გამოცემის, დისტრიბუციის და სხვა ცნობები
გამოცემის, წარმოების, დისტრიბუციის... ადგილი ბათუმი :
გამოცემის, წარმოების, დისტრიბუციის... სახელწოდება ბათუმის შოთა რუსთაველის სახ. უნ-ტის გამ-ბა,
გამოცემის, წარმოების, დისტრიბუციის... თარიღი 2016.
300 ## - ფიზიკური აღწერა
Extent 195 გვ.;
Other physical details 30 სმ.
504 ## - BIBLIOGRAPHY, ETC. NOTE
Bibliography, etc ბიბლიოგრ. გვ. 169-179
653 ## - INDEX TERM--UNCONTROLLED
Uncontrolled term დისერტაცია
653 ## - INDEX TERM--UNCONTROLLED
Uncontrolled term ეკონომიკა
653 ## - INDEX TERM--UNCONTROLLED
Uncontrolled term ტურიზმი
653 ## - INDEX TERM--UNCONTROLLED
Uncontrolled term ტურისტული საქმიანობის სახელმწიფო მარეგულირებელი მექანიზმებისა და რეგიონული ტურიზმის განვითარების სრულყოფის საკითხები
700 ## - ADDED ENTRY--PERSONAL NAME
Personal name ბერიძე, როსტომ
Relator term სამეცნიერო ხელმძღვანელი
9 (RLIN) 1686
710 ## - ADDED ENTRY--CORPORATE NAME
Corporate name or jurisdiction name as entry element ბსუ
Subordinate unit ეკონომიკისა და ბისზნესის ფაკულტეტი
9 (RLIN) 11109
942 ## - ADDED ENTRY ELEMENTS (KOHA)
Koha item type წიგნი
Source of classification or shelving scheme
ეგზემპლარები
ჩამოწერის სტატუსი დაკარგული ეგზემპლარის სტატუსი კლასიფიკაციის წყარო ან თაროზე გაწყობის სქემა დაზიანების სტატუსი არ გაიცემა მუდმივი მდებარეობა (დაცვის ადგილი) ამჟამინდელი ადგილსამყოფელი თაროზე განთავსების ადგილი შეძენის თარიღი სრული შენახვის შიფრი შტრიხკოდი ბოლო ოპერაციის თარიღი ეგზემპლარის მიმდევრობითი ნომერი (კეტერი?) ფასის ძალაში შესვლის თარიღი ეგზემპლარის სახეობა
          ბათუმის შოთა რუსთაველის სახელმწიფო უნივერსიტეტის მთავარი ბიბლიოთეკა ბათუმის შოთა რუსთაველის სახელმწიფო უნივერსიტეტის მთავარი ბიბლიოთეკა წიგნსაცავი 2018-12-17 33 ბ-52 241 დისერტ. 2018-12-17 241 2018-12-17 დისერტაცია